| 000 | 00639nam a2200205 u 4500 | ||
|---|---|---|---|
| 005 | 20220528063512.0 | ||
| 008 | 090319s2006 r 000 0 eng d | ||
| 020 | _a8478716165 | ||
| 035 | _aUPN01000169973 | ||
| 049 | _aCG | ||
| 050 | 4 |
_aPZ74.9 _bM6.2 |
|
| 100 | 1 |
_aMolas, Marta, _d1955- |
|
| 245 | 1 | 0 |
_aAri, el chico que adoraba a Mozart : _by el secreto de la isla de hielo / _cMarta Molas. |
| 260 |
_aBarcelona, Esp. : _bRBA, _c2006. |
||
| 300 | _a137 p. | ||
| 650 | 0 |
_aLiteratura juvenil espaƱola _912359 |
|
| 650 | 4 |
_aLIBROS Y LECTURA PARA LA JUVENTUD _910549 |
|
| 600 | 1 | 4 |
_aMOZART, WOLFGANG AMADEUS, _d1756-1791 |
| 905 | _aLibro | ||
| 999 |
_c142079 _d142079 |
||